[Event "Interpolis"]
[Site "Tilburg"]
[Date "1992.10.09"]
[Round "1.2"]
[White "Granda Zuniga, Julio E"]
[Black "Vladimirov, Yevgeniy"]
[Result "1-0"]
[WhiteElo "2565"]
[BlackElo "2585"]
[Annotator "Ftacnik,L"]
[PlyCount "123"]
[EventDate "1992.10.08"]
[EventType "k.o."]
[EventRounds "7"]
[EventCountry "NED"]
[SourceTitle "CBM 032"]
[Source "ChessBase"]
[SourceDate "1993.02.01"]
[SourceVersion "1"]
[SourceVersionDate "1993.02.01"]
[SourceQuality "1"]

1. d4 d5 2. c4 dxc4 3. e4 c5 4. d5 Nf6 5. Nc3 b5 6. e5 b4 7. exf6 bxc3 8. bxc3
Nd7 9. Qa4 (9. fxe7 Bxe7 10. Bxc4 Nb6 11. Bb5+ {0,5/Shirov,A-Oll,L (2)/
Tilburg2.26/1992/}) (9. Bxc4 Nb6 10. Ne2 (10. Nf3 gxf6 11. O-O Nxc4 12. Qa4+
Qd7 13. Qxc4 Bb7 14. Rd1 Rg8 15. Bf4 Rd8 16. Qxc5 e5 17. Qe3 Be7 18. Bg3 Qa4
19. Qh6 Bxd5 20. Qxh7 Qg4 21. Qd3 Bxf3 22. Qb5+ Kf8 23. Rxd8+ Bxd8 24. gxf3
Qxf3 25. Qc5+ Kg7 26. Qxa7 $10 {Frias,V-Ehlvest,J/Saint John op-2/1988/}) 10...
exf6 11. O-O Bd6 12. Bd3 Qc7 13. Ng3 c4 14. Re1+ Kf8 15. Bc2 h5 16. a4 Bg4 17.
f3 Bd7 18. Ne4 Kg8 19. a5 Bxh2+ 20. Kh1 Nc8 21. f4 f5 22. d6 Qd8 23. Ng5 Bg3
24. Re5 Bc6 25. Ba4 Bxa4 26. Rxa4 $17 {Lautier,J-Ehlvest,J/Terrassa/1991/})
9... exf6 10. Bf4 Qb6 11. Bxc4 Bd6 12. Ne2 O-O 13. O-O Ne5 $146 (13... Bxf4 14.
Nxf4 Qd6 15. Bd3 Nb6 16. Qe4 f5 17. Qf3 c4 18. Bc2 g6 19. Rfd1 Bb7 20. Qg3 Rfd8
21. Bxf5 Nxd5 22. Nxd5 Bxd5 23. Qxd6 Rxd6 24. Bc2 {0,5/Rashkovsky,N-Grigorian,
K/URS-ch/1973/}) 14. Bxe5 Bxe5 (14... fxe5 15. Ng3 f5 $6 16. Rab1 Qc7 17. Qc6
$1 $16) 15. Rab1 Qc7 16. f4 Bd6 17. Qc6 Rb8 (17... Qxc6 18. dxc6 Rd8 19. Rfd1
Bg4 20. Rb7 $16) 18. Qxc7 Bxc7 19. Rxb8 Bxb8 20. Rb1 Bc7 (20... Bd6 21. Kf2 $14
) 21. Kf2 Rd8 22. Kf3 f5 (22... h5 23. h3 Kf8 $14) 23. Nc1 $1 Bb6 24. a4 $1 Kf8
25. Nb3 a6 (25... Bb7 26. a5 Bc7 27. Rd1 Bd6 28. a6 Ba8 29. Bb5 c4 30. Na5 $1 (
30. Bxc4 $2 Rc8 31. Na5 (31. Rd4 $2 Rxc4 32. Rxc4 Bxd5+ $19) 31... Rc5 $1 32.
Ra1 Bc7) 30... Bc7 31. Nb7 $16) 26. a5 Bc7 (26... Ba7 27. Nc1 Rd7 28. Nd3 f6
29. Ba2 Bb7 30. c4 $16) 27. Nxc5 Bxa5 28. Rb8 Ke7 29. Nd3 (29. d6+ Kxd6 30.
Rxc8 Rxc8 31. Nb7+ Kc6 32. Nxa5+ Kb6 $19) 29... Bd7 (29... Bxc3 30. Ne5 Bxe5
31. fxe5 Kd7 32. Ra8 Kc7 33. d6+ $16) 30. Rb7 Bxc3 31. Ne5 Bxe5 (31... Ke8 32.
Bxa6 Ba4 33. Bc4 $16) 32. fxe5 Rc8 (32... a5 33. e6 $18) 33. d6+ Kd8 (33... Ke8
34. Bxf7+ Kxf7 35. Rxd7+ $18) 34. Bd5 Be6 (34... Rc5 35. Rb8+ Bc8 $2 36. e6 $1
$18) (34... a5 35. Ra7 $16) 35. Bxe6 fxe6 36. Re7 (36. Rxg7 Rc5 37. Kf4 Rc4+
38. Kf3 Re4 $132) 36... Rc3+ 37. Kf4 Rc4+ 38. Kf3 Rc3+ 39. Kf2 Rb3 (39... Rc2+
40. Kg3 g5 41. Rxe6 Rc3+ 42. Kf2 Rc2+ 43. Kf3 Rc3+ 44. Ke2 Rc2+ 45. Kd3 Rxg2
46. Rf6 $18) 40. h4 a5 41. h5 a4 (41... Rb5 42. Rxe6 a4 43. Re7 a3 44. Rxg7
Rxe5 45. Ra7 $14) 42. Rxg7 h6 (42... Rb5 43. Rxh7 Ra5 44. Rb7 a3 45. h6 a2 46.
h7 $18) 43. Rg6 Rb2+ (43... a3 44. Rxh6 a2 45. Rh8+ Kd7 46. Ra8 $18) 44. Kg3
f4+ 45. Kf3 (45. Kxf4 a3 46. Rg8+ Kd7 47. Ra8 Rxg2 48. Rxa3 Rg5 49. Ra7+ Kd8
50. Re7 $16) 45... Rb3+ 46. Kxf4 Rb4+ 47. Kg3 a3 48. Rg8+ Kd7 49. Rg7+ Kd8 50.
Ra7 Re4 51. Rxa3 Rxe5 52. Kh4 Rf5 (52... Rd5 53. Ra8+ Kd7 54. Rh8 Kxd6 55. Rxh6
$18) 53. g4 Rf1 54. Ra7 e5 55. g5 Rh1+ (55... Rf4+ 56. Kg3 hxg5 57. h6 Rh4 58.
h7 $18) 56. Kg4 hxg5 (56... Rg1+ 57. Kf5 Rxg5+ 58. Ke6 $18) 57. Rh7 e4 58. Kf5
e3 59. Ke6 Kc8 60. d7+ Kc7 61. Ke7 Rd1 62. Ke8 1-0

[Event "Lyon zt"]
[Site "Lyon"]
[Date "1990.??.??"]
[Round "8"]
[White "Meulders, Richard"]
[Black "Van der Sterren, Paul"]
[Result "1/2-1/2"]
[WhiteElo "2320"]
[BlackElo "2515"]
[Annotator "Ftacnik,L"]
[PlyCount "64"]
[EventDate "1990.04.??"]
[EventType "tourn"]
[EventRounds "13"]
[EventCountry "FRA"]
[EventCategory "8"]
[SourceTitle "CBM 018"]
[Source "ChessBase"]
[SourceDate "1990.10.01"]
[SourceVersion "1"]
[SourceVersionDate "1990.10.01"]
[SourceQuality "1"]

1. d4 d5 2. c4 dxc4 3. e4 Nf6 4. e5 Nd5 5. Bxc4 Nb6 6. Bd3 Nc6 7. Ne2 Bg4 8. f3
Be6 9. Nbc3 Qd7 10. Ne4 Bd5 11. Nc5 Qc8 12. Be3 {N} (12. a3 e6 13. Qc2 Bxc5 14.
Qxc5 Qd7 {Arencibia,W-Yakovich,Y/Bayamo/1990/  ->CBM 18}) 12... e6 13. Rc1 Nb4
14. a3 (14. Bb1 Bxa2) 14... Nxd3+ 15. Qxd3 Nd7 16. Ne4 Qd8 17. O-O Be7 18. f4
Nb6 (18... g6 19. g4 h5 20. f5 gxf5 (20... hxg4 $2 21. fxg6 fxg6 22. Nd6+ $18)
21. gxf5 Rg8+ 22. Kf2 $40) 19. N2g3 h5 $5 (19... g6 20. Bd2 {/\ Bb6; x f6}) 20.
f5 h4 21. Ne2 exf5 22. Rxf5 Qd7 23. Nf4 $1 (23. Rf2 O-O-O $36) 23... Bc4 $1 (
23... Qxf5 $2 24. Nd6+ $18) (23... g6 24. Nf6+ Bxf6 25. Rxf6) (23... O-O-O 24.
Nxd5 Qxd5 25. Nd6+ Bxd6 26. exd6 Qxd6 27. Bf4 $18) 24. Qc2 (24. Rxc4 Nxc4 25.
Rxf7 Nxb2 26. Qb3 Qa4 $13) 24... O-O-O 25. d5 $1 Nxd5 (25... Bxd5 26. Bxb6 Bxe4
27. Qxc7+ Qxc7 28. Rxc7+ Kb8 29. Rxf7 $40) (25... Kb8 26. Rxf7 Bxd5 27. e6 $1
$18) 26. Nxd5 Bxd5 27. Nd6+ Bxd6 (27... Kb8 28. Qc5 b6 29. Qxd5 cxd6 30. Rxf7
$18) 28. exd6 Bc6 $8 29. dxc7 Rde8 30. Rd1 (30. Bxa7 $2 Be4 $19) 30... Qxc7 (
30... Be4 31. Rxd7 Bxc2 32. Rd8+ Rxd8 33. cxd8=Q+ Rxd8 34. Rxf7) 31. Qf2 (31.
Bxa7 h3 $132) 31... f6 32. Bxa7 Rd8 {Ftacnik,L} (32... Rd8 33. Re1 Rd3 34. Bb6
Qd7 $132) 1/2-1/2

[Event "Hoogovens"]
[Site "Wijk aan Zee"]
[Date "1994.01.??"]
[Round "5"]
[White "Van Wely, Loek"]
[Black "Nikolic, Predrag"]
[Result "0-1"]
[WhiteElo "2570"]
[BlackElo "2625"]
[Annotator "Ftacnik,L"]
[PlyCount "56"]
[EventDate "1994.01.21"]
[EventType "tourn"]
[EventRounds "9"]
[EventCountry "NED"]
[EventCategory "14"]
[SourceTitle "CBM 040"]
[Source "ChessBase"]
[SourceDate "1994.06.01"]
[SourceVersion "1"]
[SourceVersionDate "1994.06.01"]
[SourceQuality "1"]

1. d4 d5 2. c4 dxc4 3. e4 e5 4. Nf3 Bb4+ 5. Nc3 exd4 6. Nxd4 Qh4 7. Bxc4 Qxe4+
8. Kf1 (8. Be3 Bxc3+ 9. bxc3 Ne7 10. O-O O-O 11. Re1 Ng6 12. Bc1 Qg4 13. Ba3
Rd8 14. Bxf7+ $1 Kxf7 15. Qb3+ Kf6 16. h3 Qd7 17. Re3 Qd5 18. Rf3+ Kg5 19. Bc1+
Kh4 20. Rg3 Qxb3 21. Nf3+ Kh5 22. Rg5+ Kh6 23. Rf5+ Nf4 24. Bxf4+ g5 25. Bxg5+
$18 {Dreev,A-Sherbakov,R/Borzhomi/1988/1-0 (48)}) 8... Bxc3 9. bxc3 Be6 10. Be2
$5 (10. Qa4+ Nc6 11. Bg5 Bxc4+ 12. Qxc4 Nce7 (12... Qg6 13. Re1+ Kf8 14. Nxc6
Qxc6 15. Qb4+ Qd6 16. Qxb7 Rd8 17. Bxd8 Qxd8 18. Qxa7 Nf6 19. f3 h5 20. Qd4 Qa8
21. Rd1 Ne8 22. a4 Rh6 23. Qb4+ Kg8 24. Kf2 Rb6 25. Qd4 {Alburt,L-Romanishin,O/
Kiev/1978/1-0 (41)}) 13. Re1 Qg6 14. h4 Kf8 15. Qxc7 f6 16. Rh3 Qd3+ $4 {
Shirov,A-Huebner,R/Dortmund (5)/1992/1-0 (16)}) 10... Qd5 $1 (10... Bd5 11. Bf3
Qe5 12. Bf4 Qxf4 13. Bxd5 c6 14. Qb3 $36) (10... Nc6 11. Bf3 Qg6 12. Nxc6 Bc4+
13. Kg1 bxc6 14. Qd4 Bd5 15. Bxd5 cxd5 16. Ba3 $16) 11. Bf3 Qc4+ 12. Kg1 Nc6
13. Nxc6 bxc6 14. Ba3 (14. Qb3 Ne7 15. Qxc4 Bxc4 16. Ba3 Nd5 $15) 14... Ne7 15.
Qd2 Rd8 16. Qe3 (16. Qg5 Nf5 17. h4 Qxc3 $17) 16... Rd3 (16... Nf5 17. Qxa7)
17. Qc5 (17. Qxa7 Qxc3 18. Qb8+ Kd7 19. Qb2 Qxa3 $19) 17... Qxc5 18. Bxc5 Rxc3
19. Bxa7 c5 $1 20. h4 (20. Bb8 Kd7 21. Rd1+ Kc8 22. Ba7 c6 23. Bb6 Bd5 $17)
20... Nc8 21. Bc6+ (21. Bb8 Kd7 22. a4 Nd6 23. Ba7 c6 24. a5 Bd5 $17) 21... Ke7
(21... Bd7 22. Re1+ Kd8 23. Rd1 Nd6 24. Bd5 $15) 22. Bb8 Kd6 23. Bb7 Kd7 24.
Rd1+ (24. Bxc8+ $2 Kxc8 25. Ba7 Kb7 $19) 24... Nd6 25. Ba7 c6 26. Rb1 (26. Bb6
Rb8 27. Ba5 Rc2 28. Ba6 Rxa2 $19) 26... Nb5 27. Bb6 Rb8 28. Rd1+ (28. Ba5 Ra3
29. Rd1+ Bd5 $19) 28... Bd5 0-1

[Event "Tatran Cup"]
[Site "Stary Smokovec"]
[Date "1990.??.??"]
[Round "8"]
[White "Razuvaev, Yuri S"]
[Black "Fominyh, Alexander"]
[Result "1-0"]
[WhiteElo "2570"]
[BlackElo "2530"]
[Annotator "Ftacnik,L"]
[PlyCount "81"]
[EventDate "1990.??.??"]
[EventType "tourn"]
[EventRounds "11"]
[EventCountry "CSR"]
[EventCategory "10"]
[SourceTitle "CBM 021"]
[Source "ChessBase"]
[SourceDate "1991.04.01"]
[SourceVersion "1"]
[SourceVersionDate "1991.04.01"]
[SourceQuality "1"]

1. d4 d5 2. c4 dxc4 3. e4 Nf6 4. e5 Nd5 5. Bxc4 Nc6 6. Nc3 Nb6 7. Bb5 Bd7 8.
Nf3 e6 9. a3 Ne7 10. Bd3 Bc6 11. O-O Ng6 (11... Bxf3 $6 12. Qxf3 Qxd4 13. Nb5
Qd7 14. Qxb7 $1 $16) 12. Be3 Be7 (12... Nh4 $5 13. Nxh4 (13. Ne1 $5 Be7 14. g3)
13... Qxh4 14. f4 $14) 13. Rc1 (13. g3 $5) 13... Nh4 $6 (13... O-O 14. g3 Nd5
15. h4 $14) 14. Nxh4 Bxh4 15. Qg4 g6 $8 16. Bh6 $1 Be7 17. Rfd1 Qd7 18. Qf4 Bf8
(18... O-O-O 19. Qxf7 $16) 19. Qf6 $1 Rg8 20. Bxf8 Kxf8 (20... Rxf8 21. Be4
Bxe4 22. Nxe4 Nd5 23. Qh4 h5 $16) 21. Be4 Bxe4 22. Nxe4 Nd5 23. Qh4 h5 (23...
Kg7 24. Rd3 $40) 24. Nf6 Nxf6 (24... Qe7 25. Qg3 Rh8 26. Nxd5 exd5 27. e6 $16)
25. exf6 c6 26. d5 $1 cxd5 (26... exd5 27. Qb4+ Ke8 28. Re1+ Kd8 29. Re7 $18)
27. Qb4+ Ke8 28. Rc5 a5 (28... b6 29. Rc3 (29. Rcxd5 $6 exd5 30. Re1+ Kd8 31.
Re7 Qc6) 29... Qd8 30. Qf4) 29. Qc3 Rd8 (29... b6 30. Rc7 Qd6 31. Re7+ Kf8 32.
Rc1 $18) 30. Qxa5 (30. Rc7 Qd6 31. Re7+ Kf8 32. Qe3 Rh8 $13) 30... Rh8 31. Rdc1
e5 32. Rc7 Qd6 33. Re7+ Kf8 34. Qc7 $1 (34. Rcc7 Qxf6 35. Rxf7+ Qxf7 36. Rxf7+
Kxf7 $13) 34... Qxc7 35. Rcxc7 d4 (35... Rh7 36. Rxe5) 36. Kf1 (36. Rxf7+ Kg8
37. Rg7+ Kf8 38. Kf1 $18) 36... Rh7 37. Rxe5 d3 38. Rd5 Re8 39. Rxd3 g5 40.
Rdd7 b5 41. Rb7 {Ftacnik,L} 1-0

[Event "Buenos Aires Najdorf"]
[Site "Buenos Aires"]
[Date "1993.??.??"]
[Round "6"]
[White "Shirov, Alexei"]
[Black "Spangenberg, Hugo"]
[Result "1/2-1/2"]
[WhiteElo "2670"]
[BlackElo "2505"]
[Annotator "Ftacnik,L"]
[PlyCount "63"]
[EventDate "1993.04.??"]
[EventType "tourn"]
[EventRounds "11"]
[EventCountry "ARG"]
[EventCategory "13"]
[SourceTitle "CBM 035"]
[Source "ChessBase"]
[SourceDate "1993.08.01"]
[SourceVersion "1"]
[SourceVersionDate "1993.08.01"]
[SourceQuality "1"]

1. d4 d5 2. c4 dxc4 3. e4 e5 4. Nf3 exd4 5. Bxc4 Bb4+ 6. Bd2 Bxd2+ 7. Nbxd2 Qf6
8. O-O Ne7 (8... Nc6 9. Re1 Nge7 10. e5 Qg6 11. Nf1 (11. Re4 $5 O-O 12. a3 $8
Be6 13. Bd3 f5 $1 $8 14. exf6 Qxf6 15. Qc2 Bd5 16. Rae1 $1 Ng6 17. Bc4 Bxc4 18.
Qxc4+ Kh8 19. b4 a6 20. a4 b5 21. axb5 axb5 22. Qxb5 $14 {Hort,V-Schulz,KJ/
Deutschland/1992/}) (11. Rc1 O-O 12. Ne4 Bg4 13. Ng3 Rad8 14. Bd3 Qh6 15. Rc5
Rd5 16. Rxd5 Nxd5 17. h3 Bxf3 18. Qxf3 Rd8 19. Re4 Ndb4 20. Nf5 Qc1+ 21. Kh2
Nxd3 22. Qxd3 g6 23. Qg3 d3 24. e6 $17 {Cording,H-Bode,W/Hamburg op (7)/1992/})
11... Bg4 12. h3 Bxh3 13. Ng3 Bg4 14. Qb3 O-O 15. e6 Bxe6 16. Bxe6 fxe6 17.
Rad1 Kh8 18. Rxe6 Qf7 19. Rde1 Rae8 20. Kh2 d3 21. Ng5 Qf4 22. Nh3 Qd4 23. R1e4
Qd5 24. Qc3 $17 {Chabanon,JL-Schlosser,P/Uzes FRA-FRG (03)/1990/}) 9. e5 (9.
Nb3 Nbc6 10. Nfxd4 O-O 11. Qf3 Qg6 12. Qf4 Bh3 13. Qg3 Nxd4 14. Nxd4 Rad8 15.
Qxg6 Nxg6 16. Rfd1 Ne5 17. Be2 Bd7 18. Rac1 Nc6 19. Nb5 Be6 20. b3 Rxd1+ 21.
Rxd1 Rc8 22. f4 f6 23. Kf2 Kf8 24. Ke3 $10 {Agrest,E-Rublevsky,S/St.Petersburg
zt (9)/1993/}) 9... Qg6 10. Nxd4 Nbc6 11. N2f3 (11. Bb5 O-O 12. Nxc6 Nxc6 $10 {
Miles,A-Dlugy,M/Tunis (izt)/1985/}) 11... O-O 12. e6 $1 fxe6 (12... Bxe6 13.
Nxe6 fxe6 14. Re1 $16) 13. Nb5 Kh8 (13... Nd5 14. Bxd5 exd5 15. Nxc7 Rb8 16.
Qxd5+ Qf7 17. Rfe1 $16) 14. Nxc7 Rb8 15. Qe2 (15. Re1 Qf6 16. Bxe6 Qxb2 17. Rb1
$14) 15... Nd5 (15... Rf4 16. Rae1 $16 (16. Bxe6 $2 Re4)) 16. Nxd5 exd5 17.
Bxd5 Bg4 18. Qe4 (18. Rfd1 Bxf3 19. Bxf3 Rbe8 20. Qd3 $140 $2 Re1+ $1) (18.
Rad1 Bxf3 19. Bxf3 Rbe8 20. Qd3 Qxd3 21. Rxd3 Ne5 22. Re3 Nxf3+ 23. gxf3 Kg8
$10) 18... Qh5 19. Qc4 (19. Bxc6 Bxf3 20. gxf3 bxc6 $10) (19. Qa4 b5 20. Qb3
Na5 21. Qb4 Nc4 $132) 19... Na5 20. Qb4 Nc6 (20... Qxd5 21. Qxg4 $16) 21. Qc4 (
21. Bxc6 $2 bxc6 22. Qc3 Bxf3 23. gxf3 Rxf3 $40) 21... Na5 22. Qa4 b5 23. Qb4 (
23. Qxa5 Qxd5 24. Nd2 Qd4 $44) 23... Nc4 24. Rad1 (24. Be4 a5 25. Qc3 Rfe8 $36)
24... a5 25. Qc3 Rbd8 26. h3 (26. Bxc4 Rxd1 27. Rxd1 bxc4 28. Qxc4 Bxf3 29.
gxf3 Qxf3 $10) 26... Bxh3 (26... Rxd5 27. hxg4 Qf7 28. Rxd5 Qxd5 29. b3 $16)
27. Bxc4 Qg4 $1 28. g3 Rxd1 (28... Bxf1 $2 29. Rxd8 Rxd8 30. Bxf1 $16) (28...
bxc4 29. Rxd8 Rxd8 30. Re1) 29. Rxd1 bxc4 30. Rd4 Qf5 (30... Qxf3 $4 31. Qxf3
Rxf3 32. Rd8+) 31. Rf4 Qb1+ 32. Qe1 (32. Qe1 Qxe1+ 33. Nxe1 Rxf4 34. gxf4 Kg8
35. f3 h5 36. Kf2 Be6 $17) 1/2-1/2

[Event "URS-ch53"]
[Site "Kiev"]
[Date "1986.??.??"]
[Round "?"]
[White "Azmaiparashvili, Zurab"]
[Black "Balashov, Yuri S"]
[Result "1/2-1/2"]
[WhiteElo "2465"]
[BlackElo "2515"]
[Annotator "Ftacnik,L"]
[PlyCount "88"]
[EventDate "1986.04.??"]
[EventType "tourn"]
[EventRounds "17"]
[EventCountry "URS"]
[EventCategory "10"]
[SourceTitle "URS-ch"]
[Source "ChessBase"]
[SourceDate "1999.07.01"]
[SourceVersion "1"]
[SourceVersionDate "1999.07.01"]
[SourceQuality "1"]

1. d4 d5 2. c4 dxc4 3. e4 Nf6 4. e5 Nd5 5. Bxc4 Nb6 6. Bb3 Nc6 7. Nf3 Bg4 8.
Bxf7+ Kxf7 9. Ng5+ Ke8 10. Qxg4 Qxd4 11. Qe2 Qxe5 12. Be3 Nd5 13. Nf3 Qf5 14.
O-O e6 15. Nd4 Nxd4 16. Bxd4 Bd6 17. Nc3 Kf7 18. Ne4 Rhe8 19. f4 Kg8 20. g3 Qg6
21. Qg2 Rf8 22. Rfe1 b6 (22... h6 $10) 23. Ng5 Rfe8 24. Nxe6 (24. Rxe6 $1 Nf6
25. Rae1 $14) 24... Nf6 25. Qc6 Rac8 26. Rad1 h6 27. f5 Qxf5 28. Nxg7 Rxe1+ 29.
Rxe1 Qd5 30. Qxd5+ Nxd5 31. Nf5 Bf8 32. Re6 c5 33. Bf2 Kf7 34. Rxh6 Bxh6 35.
Nd6+ Ke6 36. Nxc8 Bg7 37. b3 Nb4 38. Nxa7 Nxa2 39. Nc8 Nc1 40. Nxb6 Nxb3 41.
Kg2 Kf5 42. h4 Ke4 43. g4 Nd4 44. Bg3 Ne6 1/2-1/2

[Event "Reggio Emilia 9596 38th"]
[Site "Reggio Emilia"]
[Date "1996.01.03"]
[Round "6"]
[White "Epishin, Vladimir"]
[Black "Godena, Michele"]
[Result "1-0"]
[WhiteElo "2640"]
[BlackElo "2420"]
[Annotator "Ftacnik,L"]
[PlyCount "61"]
[EventDate "1995.12.28"]
[EventType "tourn"]
[EventRounds "9"]
[EventCountry "ITA"]
[EventCategory "14"]
[SourceTitle "CBM 051"]
[Source "ChessBase"]
[SourceDate "1996.04.01"]
[SourceVersion "1"]
[SourceVersionDate "1996.04.01"]
[SourceQuality "1"]

1. d4 d5 2. c4 dxc4 3. e4 e5 4. Nf3 Bb4+ 5. Nc3 exd4 6. Nxd4 Ne7 7. Bf4 $5 $146
(7. Bxc4 {cf. Survey CBM 46} Nbc6 8. Be3 O-O 9. a3 Bxc3+ 10. bxc3 Na5 11. Be2
Ng6 12. O-O Qe7 $13 {Bareev-Ivanchuk (Dortmund 1992)}) 7... Ng6 8. Bg3 Qe7 (
8... O-O 9. Bxc4 Re8 $2 (9... Qe7) 10. Bxf7+ Kxf7 11. Qb3+ $18) 9. Bxc4 Qxe4+
10. Kf1 Bxc3 11. bxc3 O-O 12. Qe1 $5 Qxe1+ 13. Rxe1 $44 {Die kritische
Stellung der Variante mit 7.Bf4. Für den Bauern hat Weiß großen
Entwicklungsvorsprung und ist im Besitz des Läuferpaares.} Bd7 (13... c6 14. h4
$36) 14. h4 $1 Nc6 (14... h5 15. Be2 $1 Bg4 $140 $2 16. Bxg4 hxg4 17. h5 $16) (
14... c5 15. h5 (15. Nb3 b6 16. h5 Nh8 17. h6 g6 $13) 15... Nh8 16. Nb5 $36)
15. Nxc6 Bxc6 16. h5 Nh8 17. Rh4 $14 Rfe8 18. Rxe8+ Bxe8 (18... Rxe8 19. Bxc7
$14) 19. Re4 {Weiß dominiert das Geschehen vollkommen. Insbesonders der Nh8
hat keine Perspektive.} Rc8 (19... c6 $5 20. Re7 b5 21. Bb3 a5 {ist veilleicht
noch ein Versuch, der aber prinzipiell nichts ändert.}) 20. Bd5 Bb5+ (20... c6
21. Bb3 {/\ 22.Re7}) 21. c4 Ba6 (21... c6 22. cxb5 cxd5 23. Re7 $18) 22. Bxc7
h6 23. Re7 Kh7 24. Ke2 g6 25. hxg6+ Kxg6 26. Kd3 Kf6 27. Rd7 b5 28. c5 b4+ 29.
Kd4 Bb5 30. c6 a5 31. Bxa5 1-0

[Event "Reggio Emilia-A 9192 34th"]
[Site "Reggio Emilia"]
[Date "1992.??.??"]
[Round "8"]
[White "Karpov, Anatoly"]
[Black "Ivanchuk, Vassily"]
[Result "1/2-1/2"]
[WhiteElo "2730"]
[BlackElo "2735"]
[Annotator "Ftacnik,L"]
[PlyCount "90"]
[EventDate "1991.12.??"]
[EventType "tourn"]
[EventRounds "9"]
[EventCountry "ITA"]
[EventCategory "18"]
[SourceTitle "CBM 027"]
[Source "ChessBase"]
[SourceDate "1992.04.01"]
[SourceVersion "1"]
[SourceVersionDate "1992.04.01"]
[SourceQuality "1"]

1. d4 d5 2. c4 dxc4 3. e4 Nf6 4. e5 Nd5 5. Bxc4 Nb6 6. Bd3 Nc6 7. Be3 Be6 8.
Nc3 Qd7 (8... Nb4 9. Be4 c6 10. Nge2 N4d5 11. Qd3 Qd7 12. O-O g6 13. a3 f5 14.
Bf3 Bg7 15. Rad1 O-O {0,5/Timman,J-Spraggett,K/Wijk aan Zee/1985/}) 9. Nf3
O-O-O (9... Bg4 10. h3 Bxf3 11. Qxf3 e6 12. Rd1 O-O-O 13. O-O Nb4 14. Be4 N4d5
$13 {Kortchnoi,V-Huebner,R/Tilburg/1987/}) 10. h3 Nb4 11. Be2 (11. Be4 f5 $1)
11... f5 $5 12. O-O h6 13. a3 (13. Qd2 g5 $36) 13... N4d5 14. Ne1 Nxc3 (14...
f4 15. Bd2 g5 16. Nd3 $36) 15. bxc3 Bc4 16. Nd3 (16. Bxc4 Nxc4 17. Nd3 e6 18.
Qb3 Qd5 $10) 16... e6 17. a4 g5 18. Qc2 Qc6 (18... Nd5 19. Nc5 Bxc5 20. Bxc4
$14) 19. Rfc1 Bd5 (19... f4 20. Bd2 Qe4 21. Re1 $36) 20. Bf1 Nc4 21. Bd2 (21.
Nb4 Bxb4 22. cxb4 Nxe3 23. fxe3 Qxc2 24. Rxc2 $10) 21... Rg8 22. Nb4 Bxb4 23.
cxb4 Nxd2 24. Qxd2 Qd7 25. Ra3 Kb8 26. Rac3 Rc8 (26... c6 27. b5 $36) 27. b5 g4
28. h4 Qe7 29. g3 (29. Qxh6 Rh8 30. Qg5 Qxg5 31. hxg5 Rhg8 $10) 29... Qb4 30.
Qd1 c6 31. Bg2 Bxg2 32. Kxg2 cxb5 33. Rxc8+ Rxc8 34. Rxc8+ Kxc8 35. Qc1+ Kd7
36. axb5 Qxd4 (36... Qxb5 37. Qxh6 Qd5+ 38. Kg1 Qxd4 39. Qg7+ Kc6 40. h5 $132)
37. Qxh6 Qe4+ 38. Kh2 Qd5 (38... Qxe5 39. Qh7+ Ke8 40. Qxb7 $10) 39. Qg7+ Ke8
40. Qh8+ Kd7 41. Qg7+ Ke8 42. Qg6+ Ke7 43. Qf6+ Kd7 44. Qf7+ Kd8 45. Qf6+ {
Ftacnik,L} (45. h5 Qd4 46. Kg1 Qd1+ 47. Kg2 Qd5+ $10) 45... Kd7 1/2-1/2

[Event "GER-ch"]
[Site "Bad Neuenahr"]
[Date "1991.??.??"]
[Round "12"]
[White "Schoene, Ralf"]
[Black "Schuh, Hubert"]
[Result "1/2-1/2"]
[WhiteElo "2350"]
[BlackElo "2375"]
[Annotator "Ftacnik,L"]
[PlyCount "54"]
[EventDate "1991.06.??"]
[EventType "tourn"]
[EventRounds "15"]
[EventCountry "GER"]
[EventCategory "7"]
[SourceTitle "CBM 024"]
[Source "ChessBase"]
[SourceDate "1991.10.01"]
[SourceVersion "1"]
[SourceVersionDate "1991.10.01"]
[SourceQuality "1"]

1. d4 d5 2. c4 dxc4 3. e4 e5 4. Nf3 Bb4+ 5. Bd2 Bxd2+ 6. Nbxd2 exd4 7. Bxc4 Nc6
8. O-O Nf6 9. e5 Nd5 (9... Ng4 10. h3 Nh6 11. Nb3 O-O 12. Nfxd4 Nxd4 13. Qxd4
Qxd4 14. Nxd4 Re8 15. f4 Nf5 16. Nb5 Re7 $10 {Vanheste,J-Kolev,A/Groningen op/
1990/}) 10. Qb3 Nce7 (10... Na5 11. Qa4+ c6 12. Bd3 $14) (10... Be6 11. Qxb7
Na5 12. Qb5+ c6 13. Qc5 $16) 11. Nxd4 O-O 12. Ne4 (12. N2f3 $5 Nb6 13. Bd3 c5
14. Nb5 Be6 15. Qc2 $14) 12... Nb6 $1 13. Rad1 Nxc4 14. Qxc4 (14. Ne6 $2 Bxe6
15. Rxd8 Rfxd8 $17) (14. Nc6 $2 Qe8 15. Nxe7+ Qxe7 16. Qxc4 Qxe5 $17) 14... Nd5
(14... Bd7 $2 15. e6 $1 $18) 15. b4 Nb6 (15... c6 16. b5 $36) (15... Be6 $2 16.
Nxe6 fxe6 17. Nc5 Qc8 18. Nxe6 Qxe6 19. Qxd5 $18) 16. Qc2 Qe7 17. f4 Nd5 (17...
Qxb4 18. Ng5 g6 19. Qxc7 $16) 18. Ng5 (18. a3 $2 Ne3) 18... g6 19. Qb3 Nxf4 $1
(19... Nxb4 20. Ne4 $40) 20. Nxf7 Qxf7 (20... Be6 21. Nxe6 Nxe6 22. Ng5 $14)
21. Rxf4 Qxb3 22. Rxf8+ Kxf8 23. axb3 Bd7 24. Rc1 c6 25. b5 Rc8 (25... cxb5 $6
26. Rc7 $16) 26. bxc6 Bxc6 27. Nxc6 bxc6 {Ftacnik,L} 1/2-1/2

[Event "Terrassa"]
[Site "Terrassa"]
[Date "1991.??.??"]
[Round "4"]
[White "Lautier, Joel"]
[Black "Ehlvest, Jaan"]
[Result "0-1"]
[WhiteElo "2550"]
[BlackElo "2650"]
[Annotator "Ftacnik,L"]
[PlyCount "98"]
[EventDate "1991.05.??"]
[EventType "tourn"]
[EventRounds "9"]
[EventCountry "ESP"]
[EventCategory "12"]
[SourceTitle "CBM 024"]
[Source "ChessBase"]
[SourceDate "1991.10.01"]
[SourceVersion "1"]
[SourceVersionDate "1991.10.01"]
[SourceQuality "1"]

1. d4 d5 2. c4 dxc4 3. e4 c5 4. d5 Nf6 5. Nc3 b5 6. e5 b4 7. exf6 bxc3 8. bxc3
Nd7 9. Bxc4 Nb6 10. Ne2 (10. Nf3 gxf6 11. O-O Nxc4 12. Qa4+ Qd7 13. Qxc4 Bb7
14. Rd1 Rg8 $13 {Frias,V-Ehlvest,J/Saint John op-2/1988/ ->CBM 06}) 10... exf6
11. O-O Bd6 12. Bd3 Qc7 13. Ng3 c4 14. Re1+ Kf8 15. Bc2 h5 16. a4 Bg4 17. f3
Bd7 18. Ne4 Kg8 (18... Bxh2+ $2 19. Kh1 Be5 (19... Bd6 $2 20. Nxd6 Qxd6 21. Ba3
$18) 20. d6 $18) 19. a5 Bxh2+ $1 20. Kh1 Nc8 21. f4 f5 (21... Bxf4 $2 22. d6
Bxd6 23. Nxd6 Nxd6 (23... Qxd6 24. Qf3 (24. Qxd6 Nxd6 25. Rd1 Bf5 $1) 24... Bc6
25. Ba3 Qd7 26. Rad1 $18) 24. Bf4 $18) 22. d6 Qd8 23. Ng5 Bg3 24. Re5 Bc6 25.
Ba4 Bxa4 26. Rxa4 Nxd6 $1 27. Rd5 Rh6 28. Rxc4 Re6 $1 29. Nf3 (29. Nxe6 Qh4+
30. Kg1 Qh2+ 31. Kf1 Qh1+ 32. Ke2 Qxg2+ 33. Ke3 Nxc4+ 34. Kd4 Qe4+ 35. Kc5 Rc8+
$19) 29... Qf6 30. Rcd4 Rae8 31. Bd2 Ne4 32. Be1 Nf2+ 33. Bxf2 Bxf2 34. Re5
Bxd4 35. cxd4 Qd8 36. Qa4 Rxe5 37. fxe5 Re7 38. Qb5 Rd7 39. a6 g6 40. Kh2 Kg7
41. Qc6 Re7 42. Qb5 Rd7 43. Qc6 h4 44. Qb5 Rxd4 45. Nxd4 Qxd4 46. Qe2 Qf4+ 47.
Kg1 h3 48. e6 Qd4+ 49. Kh2 hxg2 {Ftacnik,L} (49... hxg2 50. Kxg2 fxe6 51. Qxe6
Qe4+ $19) 0-1